Bogotá imaginada narraciones urbanas, cultura y política (Registro nro. 66774)
[ vista simple ]
| 000 -ENCABEZADO | |
|---|---|
| Número de control [NR] | 01025nam a2200253Ia 4500 |
| 008 - DE LONGITUD FIJA DE DATOS DE ELEMENTOS - INFORMACIÓN GENERAL | |
| Elementos de longitud fija [NR] | 130821s2003 ck gr spa |
| 020 ## - NUMERO INTERNACIONAL NORMALIZADO PARA LIBROS [R] | |
| Número Internacional Normalizado del libro [NR] | 9588109949 |
| 040 ## - FUENTE DE CATALOGACION [NR] | |
| Agencia de catalogación original [NR] | Co-BoUCM |
| Idioma de catalogación [NR] | spa |
| 041 00 - CODIGO DE IDIOMA [R] | |
| Código de idioma para texto/pista de sonido o título separado [R] | Español |
| 100 1# - ASIENTO PRINCIPAL--NOMBRE PERSONAL [NR] | |
| Nombre personal [NR] | Jaramillo Morales, Alejandra |
| ID Autoridad | 166813 |
| 245 10 - MENCION DE TITULO [NR] | |
| Título [NR] | Bogotá imaginada narraciones urbanas, cultura y política |
| Mención de responsabilidad, etc. [NR] | Alejandra Jaramillo Morales |
| 260 ## - PUBLICACION, DISTRIBUCION, ETC. (PIE DE IMPRENTA) [R] | |
| Lugar de publicación, distribución, etc. [R] | Bogotá (Colombia) |
| Nombre del editor, distribuidor, etc. [R] | Alcaldía Mayor |
| Fecha de publicación, distribución, etc. [R] | 2003 |
| 300 ## - DESCRIPCION FISICA [R] | |
| Extensión [R] | 182 páginas |
| 504 ## - NOTA DE BIBLIOGRAFIA, ETC. [R] | |
| Nota de bibliografía, etc. [NR] | |
| 650 04 - ASIENTO SECUNDARIO DE MATERIA - TERMINO TEMATICO [R] | |
| Término temático o nombre geográfico como elemento de entrada [NR] | Cultura urbana |
| Subdivisión geográfica [R] | Bogotá (Colombia) |
| 9 (RLIN) | 12410 |
| 650 04 - ASIENTO SECUNDARIO DE MATERIA - TERMINO TEMATICO [R] | |
| Término temático o nombre geográfico como elemento de entrada [NR] | Cultura |
| 9 (RLIN) | 12390 |
| 650 04 - ASIENTO SECUNDARIO DE MATERIA - TERMINO TEMATICO [R] | |
| Término temático o nombre geográfico como elemento de entrada [NR] | Sociología urbana |
| Subdivisión geográfica [R] | Bogotá (Colombia) |
| 9 (RLIN) | 40781 |
| 650 04 - ASIENTO SECUNDARIO DE MATERIA - TERMINO TEMATICO [R] | |
| Término temático o nombre geográfico como elemento de entrada [NR] | Sociología |
| 9 (RLIN) | 386 |
| 650 04 - ASIENTO SECUNDARIO DE MATERIA - TERMINO TEMATICO [R] | |
| Término temático o nombre geográfico como elemento de entrada [NR] | Vida urbana |
| Subdivisión geográfica [R] | Bogotá (Colombia) |
| 9 (RLIN) | 26239 |
| 651 #4 - ASIENTO SECUNDARIO DE MATERIA - NOMBRE GEOGRAFICO [R] | |
| Nombre geográfico [NR] | Bogotá (Colombia) |
| Subdivisión general [R] | Vida social y costumbres |
| 9 (RLIN) | 26589 |
| 710 1# - ASIENTO SECUNDARIO - NOMBRE CORPORATIVO [R] | |
| Nombre corporativo o de jurisdicción como elemento de entrada [NR] | Bogotá (Colombia). |
| Unidad subordinada [R] | Alcaldia Mayor. |
| -- | Instituto Distrital Cultura y Turismo. |
| -- | Observatorio de Cultura Urbana |
| 9 (RLIN) | 139682 |
| 942 ## - ELEMENTOS DE ENTRADA AGREGADOS (KOHA) | |
| Tipo de ítem principal el descrito en 300a | Libro |
| Tema principal | Sociología |
| Edición | 1 |
| Parte restante de la signatura top. | J372b |
| Sistema de clasificación | DEWEY |
| Clasificación | 307.76 |
| Fecha de último préstamo | Total préstamos | Total Renewals | Signatura topográfica | Código de barras | Última vez visto | Ejemplar | Price effective from | Tipo de ítem | Perdido | Sistema de clasificación | Dañado | No prestable | Tipo de ítem específico | Suprimido | Ubicación habitual | Ubicación actual | Localización | Fecha de creación | Forma de adquisición | Costo |
|---|---|---|---|---|---|---|---|---|---|---|---|---|---|---|---|---|---|---|---|---|
| 11/03/2020 | 19 | 10 | 307.76 J372b | 100106271 | 10/12/2025 | Ej.1 | 03/02/2013 | Libro | DEWEY | Libro | Claustro | Claustro | 2do piso | 28/02/2010 | Donación | 26000.00 |